000 00962nas a2200325 4500
001 BR0203910
003 BR-BrBNA
005 20231205103145.0
007 ta
008 230509b bl.|||p| |||| 00| 00por d
040 _aBR-BrBNA
_bpor
_cBiblioteca Nacional de Agricultura
041 _a(Pt)
072 _aL51
100 1 _aCorrêa, G. da S.S.
100 1 _aGomes, A.V. da C.
100 1 _aCorrêa, A.B.
100 1 _aSalles, A. da S.
100 1 _aCurvello, F.A.
245 1 _aDigestibilidade da ração de frangos de corte suplementados com probióticos e antibióticos
650 _aFRANGO DE CORTE
650 _aDIGESTIBILIDADE
650 _aRAÇÃO
650 _aANTIBIÓTICO
650 _aSUPLEMENTO ALIMENTAR
650 _aIDADE
650 _aRIO DE JANEIRO
773 0 _tCiência Rural (Brazil)
_xISSN 0103-8478
_g(Jul-Aug 2002), v. 32(4) p. 687-691
_wBR0203910
909 _a202311
_bLúcia
_c55
_dLúcia Elande
942 _2AGRIS
_n0
_cANA
999 _c171388
_d171388